01318nam a22003617a 450000500170000001000320001702000260004902000330007502000230010803500130013103500170014403500130016103500130017403700130018703700170020003700130021708200150023024500900024526000450033527000640038027000650044430000340050949000390054350000530058250000190063550501300065465000320078465000240081665000380084065000290087870000290090770000200093620181110152937.0 aENG-108262 B-712815 a9780198081753c995.00 a9780198081753c1045.00 (A.V) a0198081758c995.00 aEN-91795 aB-534965-967 aB-664571 aB-712815 bDBAD/PUB bBSB/Venadpl bRK Books a355.03305410aIndia's national security:cedited by Kanti P. Bajpai [and] Harsh V. Pantba reader / aNew DelhibOxford University Pressc2013 aYMCA Libraray Building, 1 Jai Singh RoadbNew Delhie110001 a2/11 Ground Floor, Ansari Road, DaryaganjbNew Delhie110002 ax,486p. c23cm(Hb)biil.,maps aCritical issues in Indian politics aContributed articles; most previously published. aincludes index a Insurgency, terrorism, and state responses -- Nuclear history -- Nuclear weapons and strategic stability -- Defence reforms. a National securityz India. a InsurgencyzIndia. aNuclear warfarezIndia xHistory. a Nuclear weaponszIndia. aBajpai, Kanti P. d1955- aPant, Harsh V.